|
|
|
|
| LEADER |
00943cam a2200241 7i4500 |
| 001 |
0000064302 |
| 005 |
20211207090000.0 |
| 020 |
|
|
|a 9780128129814
|
| 090 |
0 |
0 |
|a TA345.5.A57
|b T46 2017
|
| 100 |
1 |
|
|a Thompson, Mary Kathryn
|
| 245 |
1 |
0 |
|a ANSYS mechanical APDL for finite element analysis
|c Mary Kathryn Thompson, John M. Thompson.
|
| 264 |
|
|
|a Oxford, United Kingdom:
|b Butterworth-Heinemann,
|c 2017.
|
| 300 |
|
|
|a 1 online resource (xvii, 447 pages):
|b illustrations, text file, PDF.
|
| 336 |
|
|
|a text
|2 rdacontent
|
| 337 |
|
|
|a computer
|2 rdamedia
|
| 338 |
|
|
|a online resource
|2 rdacarrier
|
| 650 |
0 |
0 |
|a Finite element method --
|x Data processing
|
| 650 |
0 |
0 |
|a ANSYS (Computer system)
|
| 655 |
0 |
0 |
|a Electronic books
|
| 700 |
1 |
|
|a Thompson, John M
|
| 856 |
4 |
2 |
|u http://library.unisel.edu.my/web/guest/mylibrary
|
| 997 |
|
|
|a Engineering & Life Sciences, Faculty
|b Engineering, Department
|
| 999 |
|
|
|a EBO0009350
|b EBOOK
|c EBOOK
|e Electronic resources
|